<?xml version="1.0" encoding="UTF-8"?><?xml-stylesheet type="text/xsl" href="static/style.xsl"?><OAI-PMH xmlns="http://www.openarchives.org/OAI/2.0/" xmlns:xsi="http://www.w3.org/2001/XMLSchema-instance" xsi:schemaLocation="http://www.openarchives.org/OAI/2.0/ http://www.openarchives.org/OAI/2.0/OAI-PMH.xsd"><responseDate>2026-04-13T03:05:06Z</responseDate><request verb="GetRecord" identifier="oai:www.recercat.cat:2099/14784" metadataPrefix="marc">https://recercat.cat/oai/request</request><GetRecord><record><header><identifier>oai:recercat.cat:2099/14784</identifier><datestamp>2026-01-22T02:11:25Z</datestamp><setSpec>com_2072_1033</setSpec><setSpec>col_2072_452949</setSpec></header><metadata><record xmlns="http://www.loc.gov/MARC21/slim" xmlns:dcterms="http://purl.org/dc/terms/" xmlns:xsi="http://www.w3.org/2001/XMLSchema-instance" xmlns:doc="http://www.lyncode.com/xoai" xsi:schemaLocation="http://www.loc.gov/MARC21/slim http://www.loc.gov/standards/marcxml/schema/MARC21slim.xsd">
   <leader>00925njm 22002777a 4500</leader>
   <datafield ind2=" " ind1=" " tag="042">
      <subfield code="a">dc</subfield>
   </datafield>
   <datafield ind2=" " ind1=" " tag="720">
      <subfield code="a">Pérez Eguíluz, Víctor</subfield>
      <subfield code="e">author</subfield>
   </datafield>
   <datafield ind2=" " ind1=" " tag="260">
      <subfield code="c">2013-06</subfield>
   </datafield>
   <datafield ind2=" " ind1=" " tag="520">
      <subfield code="a">La conservación de los conjuntos históricos se encomienda en las últimas décadas a los instrumentos de intervención urbanística. Una vez transcurrido el tiempo de la primera generación de planes y programas destinados a la protección y a la recuperación de estos ámbitos, es tiempo de evaluar los resultados obtenidos. La investigación que desarrollo pretende analizar no solo el estado de los valores arquitectónicos, sino también las características sociales y funcionales tradicionales que son parte del patrimonio que se quiere conservar. Una representación de los 140 conjuntos Históricos de la comunidad de Castilla y León están siendo analizados: la aplicación de Planes Generales, Planes Especiales y Áreas de Rehabilitación Integral serán confrontados con sus resultados en un trabajo que pretende sentar las bases para mejorar los efectos obtenidos por las siguientes generaciones de instrumentos.</subfield>
   </datafield>
   <datafield ind2=" " ind1=" " tag="520">
      <subfield code="a">In the last years the conservation of historic areas has been mainly entrusted to planning instruments. We have a first generation of Special Plans and Urban Programs intended for protecting and recovering these areas, so it is time to evaluate the results. The research aims to analyse not only the state of art regarding the conservation of architectural values, but also the traditional social and functional characteristics that are part of the heritage that is supposed to be preserved. A representative part of the 140 historic areas of the community of Castilla y León will be analysed: Town Planning and Special Planning application, even Rehabilitation Areas will be confronted with their results. The work aims to serve and improve the basis for the next generation of urban intervention instruments.</subfield>
   </datafield>
   <datafield ind2=" " ind1=" " tag="520">
      <subfield code="a">Peer Reviewed</subfield>
   </datafield>
   <datafield tag="653" ind2=" " ind1=" ">
      <subfield code="a">Àrees temàtiques de la UPC::Urbanisme</subfield>
   </datafield>
   <datafield tag="653" ind2=" " ind1=" ">
      <subfield code="a">Historic preservation -- Spain -- Castilla y León</subfield>
   </datafield>
   <datafield tag="653" ind2=" " ind1=" ">
      <subfield code="a">Urban renewal -- Spain -- Castilla y León</subfield>
   </datafield>
   <datafield tag="653" ind2=" " ind1=" ">
      <subfield code="a">Conjunto Histórico</subfield>
   </datafield>
   <datafield tag="653" ind2=" " ind1=" ">
      <subfield code="a">Plan Especial</subfield>
   </datafield>
   <datafield tag="653" ind2=" " ind1=" ">
      <subfield code="a">Plan General</subfield>
   </datafield>
   <datafield tag="653" ind2=" " ind1=" ">
      <subfield code="a">Área de Rehabilitación</subfield>
   </datafield>
   <datafield tag="653" ind2=" " ind1=" ">
      <subfield code="a">Historic Area</subfield>
   </datafield>
   <datafield tag="653" ind2=" " ind1=" ">
      <subfield code="a">Special Plan</subfield>
   </datafield>
   <datafield tag="653" ind2=" " ind1=" ">
      <subfield code="a">Town Planning</subfield>
   </datafield>
   <datafield tag="653" ind2=" " ind1=" ">
      <subfield code="a">Rehabilitation Area</subfield>
   </datafield>
   <datafield tag="653" ind2=" " ind1=" ">
      <subfield code="a">Patrimoni històric --  Castella i Lleó</subfield>
   </datafield>
   <datafield tag="653" ind2=" " ind1=" ">
      <subfield code="a">Rehabilitació urbana --  Castella i Lleó</subfield>
   </datafield>
   <datafield ind2="0" ind1="0" tag="245">
      <subfield code="a">¿Patrimonio o ciudad?: limitaciones de los instrumentos de intervención urbanística en los Conjuntos Históricos</subfield>
   </datafield>
</record></metadata></record></GetRecord></OAI-PMH>